Klicke die Landkreise von Baden-Württemberg auf einer Karte - Statistiken

Allgemein
  • Dieses Quiz wurde 520 mal gespielt
  • Das Durchschnittsergebnis liegt bei 29 aus 44
Antworten auf der Karte
Die Antworten werden auf der Karte rot bzw. grün angezeigt, abhängig davon wie oft sie richtig erraten wurden.
 
Antwortstatistiken
Antwort % Korrekt
Konstanz
80%
Breisgau-Hochschwarzwald
77%
Freiburg im Breisgau
77%
Ulm
75%
Landkreis Heilbronn
73%
Lörrach
73%
Stadt Heilbronn
73%
Stuttgart
73%
Bodenseekreis
72%
Rhein-Neckar-Kreis
72%
Heidelberg
70%
Pforzheim
70%
Baden-Baden
69%
Ludwigsburg
69%
Main-Tauber-Kreis
69%
Mannheim
67%
Ortenaukreis
67%
Ravensburg
67%
Emmendingen
66%
Landkreis Karlsruhe
66%
Waldshut
66%
Esslingen
65%
Stadt Karlsruhe
65%
Biberach
63%
Böblingen
63%
Tübingen
63%
Reutlingen
62%
Heidenheim
61%
Neckar-Odenwald-Kreis
61%
Sigmaringen
61%
Alb-Donau-Kreis
60%
Ostalbkreis
60%
Rems-Murr-Kreis
60%
Schwäbisch Hall
60%
Calw
59%
Rastatt
59%
Schwarzwald-Baar-Kreis
59%
Göppingen
57%
Hohenlohekreis
57%
Rottweil
57%
Enzkreis
55%
Tuttlingen
55%
Zollernalbkreis
54%
Freudenstadt
52%
Keine übereinstimmenden Quizze gefunden
Verteilung der Resultate
Anzahl Personen mit jedem Resultat
Perzentil nach korrekt beantworteten Fragen
Ihre Resultats-Entwicklung
Sie haben dieses Quiz noch nicht gespielt